RICS rural land market survey Great Britain (Record no. 110468)

MARC details
000 -LEADER
fixed length control field 01509cad a22002295a 4500
001 - CONTROL NUMBER
control field L149334
008 - FIXED-LENGTH DATA ELEMENTS--GENERAL INFORMATION
fixed length control field 100222e20100722xxkd f s 000 0 eng u
035 ## - SYSTEM CONTROL NUMBER
System control number (Sirsi) u149334
041 ## - LANGUAGE CODE
Language code of text/sound track or separate title eng
050 ## - LIBRARY OF CONGRESS CALL NUMBER
Classification number 630 $2 18
110 2# - MAIN ENTRY--CORPORATE NAME
Corporate name or jurisdiction name as entry element Royal Institution of Chartered Surveyors
Subordinate unit Economics
9 (RLIN) 5033
245 00 - TITLE STATEMENT
Title RICS rural land market survey Great Britain
Remainder of title H2 2009
Medium [electronic resource]
260 ## - PUBLICATION, DISTRIBUTION, ETC.
Place of publication, distribution, etc. London
Name of publisher, distributor, etc. RICS
Date of publication, distribution, etc. 2010
490 00 - SERIES STATEMENT
Series statement RICS Rural Land Market Survey Great Britain
Volume/sequential designation Second Half 2009
520 ## - SUMMARY, ETC.
Summary, etc. Farmland prices rebounded in H2 2009 having fallen slightly during H1 2009. Supply fell sharply in both commercial and residential farmland sectors. Demand increased in the commercial sector and stabilised in the residential. Price expectations increased but are higher in the commercial sector. Arable land prices increased by 5% from £13 085 to 13 713 per hectare. Pasture land prices increased by 4% from £11 260 to £11 718 per hectare. RICS transaction based measure (which includes a residential component where the estimated value is less than 50%) increased by 7.8% in H2 2009 from £15,199 to £16,381 per hectare.
590 ## - LOCAL NOTE (RLIN)
Local note KA
650 24 - SUBJECT ADDED ENTRY--TOPICAL TERM
Topical term or geographic name entry element RICS RURAL LAND MARKET SURVEY GREAT BRITAIN
651 #4 - SUBJECT ADDED ENTRY--GEOGRAPHIC NAME
Geographic name Great Britain
Chronological subdivision 1707-
690 ## - LOCAL SUBJECT ADDED ENTRY--TOPICAL TERM (OCLC, RLIN)
Topical term or geographic name as entry element PROPERTY-RURAL AND NATURAL ASSETS-RURAL AND NATURAL ASSET MARKET
856 40 - ELECTRONIC LOCATION AND ACCESS
Uniform Resource Identifier <a href="https://www.rics.org/profession-standards/knowledge-and-information-services/document-delivery-and-o">https://www.rics.org/profession-standards/knowledge-and-information-services/document-delivery-and-o</a>
Public note email [email protected] to request a copy
942 ## - ADDED ENTRY ELEMENTS (KOHA)
Suppress in OPAC 0
Holdings
Withdrawn status Lost status Source of classification or shelving scheme Damaged status Not for loan Home library Current library Shelving location Date acquired Total Checkouts Full call number Barcode Date last seen Copy number Price effective from Koha item type
    Dewey Decimal Classification     Virtual Virtual Online 22/02/2010   ONLINE PUBLICATION 149334-2001 06/08/2019 1 06/08/2019 Book